000 00561nam a22002051a 4500
001 3141
003 OSt
005 20260204211839.0
008 040621s1999||||dr ||||||b||||||||||spa||
050 _aRD 371.102 L881c
082 _aRD 371.102 L881c
100 _aLópez, Libertad
245 _aCómo elaborar material didáctico con recursos del medio en el nivel inicial / Libertad López
264 _aSanto Domingo : SEEC
300 _a68 p.
500 _aIncluye bibliografía
650 _a1.Didáctica
700 _aVargas, ClaraÌ
942 _2ddc
_cBK
999 _c3141
_d3141